Unit operations of chemical engineering (Record no. 3799)

000 -LEADER
fixed length control field 00652nam a2200241 a 4500
001 - CONTROL NUMBER
control field 3799
003 - CONTROL NUMBER IDENTIFIER
control field BD-DhUET
008 - FIXED-LENGTH DATA ELEMENTS--GENERAL INFORMATION
fixed length control field 850523s1985 nyua b 001 0 eng
020 ## - INTERNATIONAL STANDARD BOOK NUMBER
International Standard Book Number 0070448280
040 ## - CATALOGING SOURCE
Modifying agency BD-DhUET
Transcribing agency 0
082 0# - DEWEY DECIMAL CLASSIFICATION NUMBER
Classification number 660.2842
Item number MCC/1985
100 1# - MAIN ENTRY--PERSONAL NAME
Personal name McCabe, Warren L.
245 10 - TITLE STATEMENT
Title Unit operations of chemical engineering
250 ## - EDITION STATEMENT
Edition statement 4th ed.
260 ## - PUBLICATION, DISTRIBUTION, ETC. (IMPRINT)
Place of publication, distribution, etc. New York
Name of publisher, distributor, etc. McGraw-Hill
Date of publication, distribution, etc. 1985
300 ## - PHYSICAL DESCRIPTION
Extent x, 960 p.
Other physical details ill.
Dimensions 25 cm.
490 1# - SERIES STATEMENT
Series statement McGraw-Hill chemical engineering series
504 ## - BIBLIOGRAPHY, ETC. NOTE
Bibliography, etc Includes bibliographies
650 #0 - SUBJECT ADDED ENTRY--TOPICAL TERM
Topical term or geographic name as entry element Chemical Processer
700 1# - ADDED ENTRY--PERSONAL NAME
Personal name Smith, Julian C.
700 1# - ADDED ENTRY--PERSONAL NAME
Personal name Harriott, Peter.
942 ## - ADDED ENTRY ELEMENTS (KOHA)
Koha item type General Book
Holdings
Koha issues (times borrowed) Koha date last borrowed Not for loan Shelving location Koha normalized classification for sorting Price effective from Lost status Date acquired Copy number Koha date last seen Sublocation or collection (holding branch) Location (home branch) Koha full call number Piece designation (barcode) Damaged status Withdrawn status Koha item type Source of classification or shelving scheme
   Circulation section660_000000000000000_2842MCC1982014-11-05 2014-11-0512016-10-23Central Library, BUETCentral Library, BUET660.2842/MCC/198572739  General Book 
   Circulation section660_000000000000000_2842MCC1982014-11-05 2014-11-0522014-11-05Central Library, BUETCentral Library, BUET660.2842/MCC/198577549  General Book 
22018-11-14 Circulation section660_000000000000000_2842MCC1982014-11-05 2014-11-0532018-12-04Central Library, BUETCentral Library, BUET660.2842/MCC/198577550  General Book 
   Reading section660_284200000000000_MCC_19852015-07-01 2015-07-0142015-07-01Central Library, BUETCentral Library, BUET660.2842/MCC/198568731  Reading Item 
   Rental section660_284200000000000_MCC_19852024-11-25 1989-06-27৪/ক-১2024-11-25Central Library, BUETCentral Library, BUET660.2842 MCC/198573910  Rental Item 
   Rental section660_284200000000000_MCC_19852024-11-25 1989-06-27৪/ক-২2024-11-25Central Library, BUETCentral Library, BUET660.2842 MCC/198573911  Rental Item 
   Rental section660_284200000000000_MCC_19852024-11-25 1989-06-27৪/ক-৩2024-11-25Central Library, BUETCentral Library, BUET660.2842 MCC/198573912  Rental Item 
   Rental section660_284200000000000_MCC_19852024-11-25 1989-06-27৪/ক-৪2024-11-25Central Library, BUETCentral Library, BUET660.2842 MCC/198573913  Rental Item 
   Rental section660_284200000000000_MCC_19852024-11-25 1989-06-27৪/ক-৫2024-11-25Central Library, BUETCentral Library, BUET660.2842 MCC/198573914  Rental Item 
   Rental section660_284200000000000_MCC_19852024-11-25 1989-06-27৪/ক-৬2024-11-25Central Library, BUETCentral Library, BUET660.2842 MCC/198573915  Rental Item 
   Rental section660_284200000000000_MCC_19852024-11-25 1989-06-27৪/ক-৭2024-11-25Central Library, BUETCentral Library, BUET660.2842 MCC/198573916  Rental Item 
   Rental section660_284200000000000_MCC_19852024-11-25 1989-06-27৪/ক-৮2024-11-25Central Library, BUETCentral Library, BUET660.2842 MCC/198573917  Rental Item 
   Rental section660_284200000000000_MCC_19852024-11-25 1989-06-27৪/ক-৯2024-11-25Central Library, BUETCentral Library, BUET660.2842 MCC/198573918  Rental Item 
   Rental section660_284200000000000_MCC_19852024-11-25 1989-06-27৪/ক-১০2024-11-25Central Library, BUETCentral Library, BUET660.2842 MCC/198573919  Rental Item 
   Rental section660_284200000000000_MCC_19852024-11-25 1989-06-27৪/ক-২৫2024-11-25Central Library, BUETCentral Library, BUET660.2842 MCC/198573934  Rental Item 
   Rental section660_284200000000000_MCC_19852024-11-25 1989-06-27৪/ক-২৬2024-11-25Central Library, BUETCentral Library, BUET660.2842 MCC/198573935  Rental Item